000 00769cam a2200157 4500500
005 20251012005151.0
041 _afre
042 _adc
100 1 0 _aRacine, Jean-Luc
_eauthor
245 0 0 _aLa cuestión irresoluble de Cachemira
260 _c2025.
500 _a73
520 _aLa Cachemira india ha sido objeto de disputa con Pakistán desde la partición en 1947. En abril de 2025, un nuevo conflicto militar condujo a la suspensión del Tratado del Indo, que abastece de agua a Pakistán, y a una guerra de desinformación. A pesar del alto el fuego, la herida sigue abierta.
786 0 _nEsprit | Juillet-Août | 7-8 | 2025-07-02 | p. 14-18 | 0014-0759
856 4 1 _uhttps://shs.cairn.info/revista-esprit-2025-7-8-page-14?lang=es&redirect-ssocas=7080
999 _c1516894
_d1516894